Cars - Habitants de Radiator Springs par images - Statistiques

Statistiques générales
  • Ce quiz a été pris 200 fois
  • Le résultat moyen est 13 sur 16
Statistiques - réponses
Par images Réponse % Correct
Lightning McQueen
99%
Sally Carrera
99%
Doc Hudson
98%
Martin (Mater)
98%
Luigi
94%
Guido
89%
Shérif
88%
Flo
81%
Franck
76%
Sergent (Sarge)
75%
Ramone
73%
Red
72%
Fillmore
71%
Bessie
70%
Stanley
65%
Lizzie
60%
Aucun quiz correspondant
Distribution des résultats
% des personnes avec chaque résultat
Percentile par nombre de réponses
Votre historique - résultats
Vous n’avez pas pris ce quiz